| 000 | 00340nam a2200133Ia 4500 | ||
|---|---|---|---|
| 008 | 230917s9999||||xx |||||||||||||| ||und|| | ||
| 040 |
_e181111 _aMAIN |
||
| 041 | _aEnglish | ||
| 082 | _a34:368 L125L | ||
| 245 | 4 | _aThe Life Insurance Corporation Act, 1956 | |
| 260 |
_aLucknow _bEastern Book Company _c1989 |
||
| 300 | _a27 p. | ||
| 942 | _cBK | ||
| 999 |
_c58764 _d58764 |
||